Stations in Bromley, London - Statistics

General Stats
  • This quiz has been taken 84 times
    83 since last reset
  • The average score is 18 of 27
Answer Stats
Answer % Correct
Bromley South
97%
Bromley North
95%
Orpington
86%
Beckenham Junction
83%
Petts Wood
81%
Shortlands
76%
Bickley
75%
Clock House
73%
Hayes
71%
Penge East
71%
West Wickham
69%
Elmers End
68%
Chislehurst
66%
Kent House
66%
Penge West
66%
New Beckenham
64%
Ravensbourne
61%
Eden Park
59%
Crystal Palace
56%
Lower Sydenham
54%
St Mary Cray
53%
Elmstead Woods
51%
Anerley
49%
Knockholt
46%
Sundridge Park
46%
Chelsfield
44%
Birkbeck
41%
No matching quizzes found
Score Distribution
Percent of People with Each Score
Percentile by Number Answered
Your Score History
You have not taken this quiz since the last reset